| 000 | 00472cam a2200181 i 4500 | ||
|---|---|---|---|
| 020 | _a0060461071 | ||
| 040 | _cDLC | ||
| 082 | _a301 HAR 1979 A076 Or. | ||
| 100 | 1 | _aSherman, Howard J | |
| 245 | 1 | 0 | _aSociology, traditional and radical perspectives / |
| 260 |
_aNew York : _bHarper & Row, _cc1979 |
||
| 300 |
_axv, 413 p. : _bill. ; _c24 cm |
||
| 650 | 0 | _aSociology | |
| 650 | 0 | _aSociology | |
| 650 | 0 | _aPolitical sociology | |
| 700 | 1 | _aWood, James L., | |
| 942 | _cEK | ||
| 999 |
_c15424 _d15424 |
||